000
00320nam a2200121 a 4500
005
20141022142000.0
008
080915s19uu xx 00 eng d
050
_a
VHS
_b
L46 2004
245
_a
Lecture on breastfeeding & fertility.
650
_a
VHS.
650
_a
Lecture on breastfeeding and fertility.
942
_c
AVM
999
_c
276238
_d
276238